000 01514nam0a22003251 4500
001 rc\4452144
005 20260407061755.0
021 _aRU
_b[63-18728]
035 _a(NLR Aleph) 008587736
090 _a8624902
_c8624902
100 _a20130416d1962 |||y0rusy50 ca
101 0 _arus
102 _aRU
105 _ay z |||||
200 1 _aИсторико-революционная тема в советской живописи
_e(Метод. пособие для лекториев худож. музеев)
_fМ-во культуры РСФСР. Науч.-исслед. ин-т музееведения. Гос. Третьяковская галерея
210 _aМосква
_cБ. и.
_d1962
215 _a20 с.
_d28
300 _aВ конце текста авт.: М. Яблонская
320 _aБиблиогр. в конце книги (10 назв.)
606 _aИностранная военная интервенция и гражданская война в СССР 1918-1920 гг. в живописи
_2psbo
606 _aСоветская живопись
_2psbo
606 _aВеликая Октябрьская социалистическая революция в живописи
_2psbo
701 1 _aЯблонская
_bМ.
712 0 2 _4570
_aНИИ музееведения
_cМосква
_3RU\NLR\AUTH\8810028853
_9556271
801 0 _aRU
_bNLR
_gpsbo
801 1 _aRU
_bELAR
_2rusmarc
852 _aNLR
_j63-8/628
942 _cBOOK
980 _aNB